Tutti i team di Formula 1 dal 1950 | Italiano - Statistics

Statistiche generali
  • Questo quiz è stato fatto 119 volte
  • Il punteggio medio è 38 su 179
Statistiche sulle risposte
Primo Anno Anno scorso Squadra % Corretto
1950 Ferrari
100%
1966 McLaren
99%
1965 1965 RE
97%
1954 Mercedes
94%
2005 Red Bull
91%
1975 Williams
91%
1950 2023 Alfa Romeo
88%
1959 Aston Martin
87%
2016 Haas
84%
1993 Sauber
84%
2020 2023 Alpha Tauri
82%
2012 2015 Lotus F1
81%
1977 2020 Renault
81%
1958 1994 Team Lotus
81%
2006 2019 Toro Rosso
81%
2021 Alpine
79%
1986 2001 Benetton
75%
2009 2009 Brawn
71%
1985 2005 Minardi
71%
1952 1953 BMW
68%
2008 2018 Force India
66%
1964 2008 Honda
66%
1970 1998 Tyrrell
65%
1950 1960 Maserati
60%
2002 2009 Toyota
60%
1962 1992 Brabham
58%
1991 2005 Jordan
58%
2024 Racing Bulls
57%
2016 2020 Racing Point
57%
2000 2004 Jaguar
56%
1991 1991 Lambo
52%
2010 2014 Caterham
48%
1997 2001 Prost
48%
1997 1999 Stewart
45%
1951 1977 BRM
44%
2010 2012 HRT
44%
2012 2016 Manor
43%
1957 1964 Porsche
43%
1954 1955 Lancia
42%
1976 1996 Ligier
39%
1962 1993 Lola
39%
1992 1992 Andrea Moda
36%
2006 2008 Super Aguri
35%
1978 2002 Arrows
34%
1999 2005 BAR
34%
1967 1972 Matra
32%
2006 2007 Spyker
32%
1981 1985 Toleman
31%
2006 2006 Midland
29%
1954 1960 Vanwall
29%
1975 1982 Fittipaldi
26%
1995 1996 Forti
25%
1980 1990 Osella
25%
1970 1992 March
22%
1988 1992 Dallara
21%
2010 2011 Virgin Racing
21%
1991 1992 Fondmetal
19%
1974 1978 Hesketh
19%
1990 1991 Leyton House
19%
1973 1980 Shadow
19%
1994 1995 Simtek
19%
1970 1978 Surtees
19%
1956 1956 Bugatti
18%
1987 1994 Larrousse
18%
1985 1989 Zakspeed
18%
1987 1989 Coloni
17%
1963 1984 ATS
16%
1990 1990 Life
16%
1986 1991 AGS
14%
2006 2010 BMW Sauber
14%
1991 1996 Footwork
14%
1977 1979 Wolf
14%
1988 1990 Euro Brun
13%
1952 1956 Gordini
13%
1975 1975 Hill
13%
1950 1960 Kurtis Kraft
13%
1974 1976 Maki
12%
1950 1953 Simca
12%
1978 1979 Merzario
10%
1989 1990 Onyx
10%
1974 1977 Penske
10%
1973 1974 Iso Marlboro
9%
1983 1985 RAM
9%
1978 1983 Theodore
9%
1966 1969 Eagle
8%
1973 1982 Ensign
8%
1983 1985 Spirit
8%
1950 1951 Talbot-Lago
8%
1974 1974 Amon
6%
1951 1960 Kuzma
6%
1976 1977 Kojima
5%
1974 1976 Parnelli
5%
1988 1989 Rial
5%
1966 1966 Shannon
5%
1953 1953 Turner
5%
1952 1953 AFM
4%
1977 1977 Apollo
4%
1970 1971 Bellasi
4%
1963 1964 BRP
4%
1950 1967 Cooper-Climax
4%
1961 1970 De Tomaso
4%
1955 1960 Epperly
4%
1951 1954 HWM
4%
1977 1977 LEC
4%
1978 1978 Martini
4%
1979 1979 Rebaque
4%
1950 1950 Adams
3%
1952 1952 Aston Butterworth
3%
1952 1959 Connaught
3%
1960 1969 Cooper-Maserati
3%
1950 1952 ERA
3%
1974 1975 Lyncar
3%
1977 1977 McGuire
3%
1994 1995 Pazific
3%
1972 1972 Politoys
3%
1950 1956 Stevens
3%
1974 1974 Token
3%
1974 1974 Trojan
3%
1950 1960 Watson
3%
1976 1976 Wolf-Williams
3%
1950 1952 Alta
1%
1960 1960 Behra-Porsche
1%
1976 1977 Boro
1%
1951 1954 Bromme
1%
1952 1952 Cisitalia
1%
1968 1968 Cooper-BRM
1%
1961 1961 FISA
1%
1961 1963 Gilby
1%
1959 1961 JBW
1%
1962 1968 LDS
1%
1950 1960 Lesovsky
1%
1950 1954 Nichels
1%
1951 1958 Osca
1%
1951 1955 Pawl
1%
1960 1960 Scarab
1%
1951 1953 Veritas
1%
1955 1955 Arzani-Volpini
0%
1959 1960 Christensen
0%
1950 1950 Clemente Biondetti
0%
1972 1972 Connew
0%
1960 1960 Cooper-Castellotti
0%
1977 1977 Copersucar-Fittipaldi
0%
1950 1952 Deidt
0%
1953 1953 Del Roy
0%
1964 1964 Derrington-Francis
0%
1957 1959 Dunn
0%
1959 1959 Elder
0%
1956 1962 Emeryson
0%
1953 1953 EMW
0%
1962 1962 ENB
0%
1950 1960 Ewing
0%
1961 1961 Ferguson
0%
1952 1952 Frazer-Nash
0%
1959 1959 Fry
0%
1951 1951 Hall
0%
1979 1979 Kauhsen
0%
1954 1954 Klenk
0%
1950 1950 Langley
0%
1950 1951 Marchese
0%
1961 1961 MBM
0%
1960 1960 Meskowski
0%
1950 1950 Milano
0%
1950 1959 Moore
0%
1950 1950 Olson
0%
1954 1955 Pankratz
0%
1954 1960 Phillips
0%
1967 1967 Protos
0%
1950 1950 Rae
0%
1951 1955 Schroeder
0%
1963 1964 Scirocco
0%
1961 1961 Scuderia Sant Ambroeus
0%
1951 1952 Sherman
0%
1950 1950 Snowberger
0%
1963 1963 Stebro
0%
1959 1959 Sutton
0%
1959 1959 Tec-Mec
0%
1969 1973 Tecno
0%
1951 1960 Trevis
0%
1950 1950 Wetteroth
0%
Nessun quiz corrispondente trovato
Distribuzione punteggi
Percentuale di utenti per punteggio
Percentile per numero di risposta
I tuoi punteggi nel tempo
Non hai fatto questo quiz